University Home | Library Home | Institutional Repository

Sweden : (Record no. 163242)

MARC details
000 -LEADER
fixed length control field 00840cam0a220021700 4500
001 - CONTROL NUMBER
control field zam00000681
008 - FIXED-LENGTH DATA ELEMENTS--GENERAL INFORMATION
fixed length control field 951128s1987 xx eng u
020 ## - INTERNATIONAL STANDARD BOOK NUMBER
International Standard Book Number 00682833086
035 ## - SYSTEM CONTROL NUMBER
System control number (Sirsi) r18171
035 ## - SYSTEM CONTROL NUMBER
System control number (MACHINE)00935
100 1# - MAIN ENTRY--PERSONAL NAME
Personal name Mead, William, 1628-1713.
Dates associated with a name Mead, William, 1628-1713.
Linkage A7279.1
245 10 - TITLE STATEMENT
Title Sweden :
Remainder of title the land of today.
260 ## - PUBLICATION, DISTRIBUTION, ETC.
Place of publication, distribution, etc. Surrey :
Name of publisher, distributor, etc. Colour Library Books,
Date of publication, distribution, etc. 1987.
650 ## - SUBJECT ADDED ENTRY--TOPICAL TERM
Topical term or geographic name entry element Sweden -- Social life and customs.
General subdivision Sweden -- Social life and customs.
Linkage S56980.1
650 ## - SUBJECT ADDED ENTRY--TOPICAL TERM
Topical term or geographic name entry element Sweden -- Politics and government.
General subdivision Sweden -- Politics and government.
Linkage S52838.2
650 ## - SUBJECT ADDED ENTRY--TOPICAL TERM
Topical term or geographic name entry element Sweden -- Social conditions.
General subdivision Sweden -- Social conditions.
Linkage S31093.2
700 ## - ADDED ENTRY--PERSONAL NAME
Personal name William Mead.
Linkage A77131.1
949 ## - LOCAL PROCESSING INFORMATION (OCLC)
a DL/631
w lcc
i -14843
p 2500
t BOOK
l ON-SHELF
900 ## - EQUIVALENCE OR CROSS-REFERENCE-PERSONAL NAME [LOCAL, CANADA]
-- 1987
Field link and sequence number DL/631
-- MEA
Titles and other words associated with a name 1
Name of part/section of a work 2500

No items available.

© 2026 - The University of Zambia Library - Koha v25.11